[Event "71st MNE-ch 2019"]
[Site "Podgorica"]
[Date "2019.05.22"]
[Round "5"]
[White "Vujovic, Savo"]
[Black "Popadic, Dragan"]
[Result "1-0"]
[WhiteElo "1940"]
[BlackElo "2198"]
[Annotator "RC"]
[PlyCount "109"]
[EventDate "2019.05.18"]
[EventType "swiss"]
[EventCountry "MNE"]
[SourceTitle "playchess.com"]
[Source "ChessBase"]
[SourceQuality "1"]
[TimeControl "40/5400+30:1800+30"]

1. e4 {[%emt 0:00:33]} c5 {[%emt 0:00:00]} 2. Nf3 {[%emt 0:00:03]} Nc6 {[%emt 0:00:00]} 3. Bb5 {[%emt 0:00:04]} e5 {[%emt 0:00:53]} 4. O-O {[%emt 0:00:59]} d6 {[%emt 0:00:26]} 5. c3 {[%emt 0:03:20]} Bd7 {[%emt 0:00:41]} 6. d4 {[%emt 0:04:06]} Qc7 {[%emt 0:01:23]} 7. Na3 {[%emt 0:00:44]} a6 {[%emt 0:03:39]} 8. Bxc6 {[%emt 0:05:19]} Bxc6 {[%emt 0:00:23]} 9. d5 {[%emt 0:01:17]} Bd7 {[%emt 0:00:27]} 10. Nd2 {[%emt 0:04:35]} Be7 {[%emt 0:04:58]} 11. Re1 {[%emt 0:06:38]} Nf6 {[%emt 0:04:42]} 12. Nf1 {[%emt 0:00:31]} O-O {[%emt 0:01:15]} 13. Ng3 {[%emt 0:04:29]} Rae8 {[%emt 0:08:20]} 14. Nc2 {[%emt 0:05:17]} Kh8 {[%emt 0:04:21]} 15. a4 {[%emt 0:08:23]} Ng8 {[%emt 0:02:27]} 16. f4 {[%emt 0:03:37]} exf4 {[%emt 0:02:29]} 17. Bxf4 {[%emt 0:00:14]} Bf6 {[%emt 0:01:58]} 18. Rf1 {[%emt 0:07:56]} Be5 {[%emt 0:02:41]} 19. Ne3 {[%emt 0:03:10]} f6 {[%emt 0:08:03]} 20. Bxe5 {[%emt 0:08:00]} Rxe5 {[%emt 0:01:27]} 21. Qf3 {[%emt 0:08:12]} Nh6 {[%emt 0:02:30]} 22. Nc4 {[%emt 0:05:37]} Rg5 {[%emt 0:04:20]} 23. h4 {[%emt 0:01:15]} Rg4 {[%emt 0:01:20]} 24. h5 {[%emt 0:02:10]} Re8 {[%emt 0:01:11]} 25. Ne3 {[%emt 0:02:22]} Rh4 {[%emt 0:02:11]} 26. b3 {[%emt 0:01:29]} Qd8 {[%emt 0:01:45]} 27. Rae1 {[%emt 0:02:02]} Qe7 {[%emt 0:01:06]} 28. Qf2 {[%emt 0:02:26]} Ng4 {[%emt 0:03:05]} 29. Nxg4 {[%emt 0:00:02]} Rxg4 {[%emt 0:00:39]} 30. h6 {[%emt 0:00:34]} g6 {[%emt 0:12:12]} 31. Qxf6+ {[%emt 0:00:41]} Qxf6 {[%emt 0:00:38]} 32. Rxf6 {[%emt 0:00:04]} Rxg3 {[%emt 0:00:37]} 33. Rf7 {[%emt 0:00:44]} Bh3 {[%emt 0:09:18]} 34. Kh2 {[%emt 0:00:10]} Rxg2+ {[%emt 0:01:10]} 35. Kxh3 {[%emt 0:00:07]} Rg5 {[%emt 0:00:10]} 36. Rxb7 {[%emt 0:00:54]} Rh5+ {[%emt 0:00:37]} 37. Kg3 {[%emt 0:00:29]} Rxh6 {[%emt 0:01:41]} 38. e5 {[%emt 0:01:40]} Rh5 {[%emt 0:01:42]} 39. Rb6 {[%emt 0:02:39]} Rhxe5 {[%emt 0:01:26]} 40. Rxe5 {[%emt 0:00:00]} dxe5 {[%emt 0:00:00]} 41. Rxa6 {[%emt 0:04:06]} Rb8 {[%emt 0:04:10]} 42. d6 {[%emt 0:00:35]} Kg7 {[%emt 0:00:43]} 43. Ra7+ {[%emt 0:09:02]} Kf6 {[%emt 0:01:33]} 44. Rxh7 {[%emt 0:01:15]} Rxb3 {[%emt 0:00:19]} 45. d7 {[%emt 0:00:20]} Rxc3+ {[%emt 0:00:04]} 46. Kf2 {[%emt 0:00:07]} Rd3 {[%emt 0:00:09]} 47. a5 {[%emt 0:00:12]} c4 {[%emt 0:00:06]} 48. a6 {[%emt 0:00:13]} c3 {[%emt 0:00:28]} 49. a7 {[%emt 0:01:02]} c2 {[%emt 0:00:12]} 50. a8=Q {[%emt 0:01:28]} Rd2+ {[%emt 0:01:03]} 51. Ke3 {[%emt 0:01:11]} c1=Q {[%emt 0:00:10]} 52. Qf3+ {[%emt 0:01:14]} Kg5 {[%emt 0:00:27]} 53. Qg3+ {[%emt 0:00:36]} Kf5 {[%emt 0:01:31]} 54. Rf7+ {[%emt 0:00:16]} Ke6 {[%emt 0:00:23]} 55. Qxg6+ {[%emt 0:00:08]} 1-0

[Event "71st MNE-ch 2019"]
[Site "Podgorica"]
[Date "2019.05.22"]
[Round "5"]
[White "Bacic, Kristina"]
[Black "Rakic, Tijana"]
[Result "0-1"]
[WhiteElo "1819"]
[BlackElo "1579"]
[Annotator "NA RC"]
[PlyCount "116"]
[EventDate "2019.05.18"]
[EventType "swiss"]
[EventCountry "MNE"]
[SourceTitle "playchess.com"]
[Source "ChessBase"]
[SourceQuality "1"]
[TimeControl "40/5400+30:1800+30"]

1. g3 c5 2. Bg2 Nc6 3. Nf3 e5 4. d3 g6 5. O-O Bg7 6. c4 Nge7 7. Nc3 O-O 8. Ne1 d6 9. Nc2 Be6 10. Ne3 Qd7 11. Ned5 f5 12. Qa4 {[%emt 0:35:02]} Nc8 {[%emt 0:26:27]} 13. Rb1 {[%emt 0:10:48]} Nb6 {[%emt 0:02:59]} 14. Qb5 {[%emt 0:04:32]} Nd4 {[%emt 0:08:49]} 15. Qxd7 {[%emt 0:01:26]} Bxd7 {[%emt 0:02:14]} 16. Nxb6 {[%emt 0:00:49]} axb6 {[%emt 0:00:05]} 17. Bxb7 {[%emt 0:00:13]} Rab8 {[%emt 0:04:40]} 18. Bd5+ {[%emt 0:01:07]} Kh8 {[%emt 0:00:37]} 19. Bd2 {[%emt 0:14:34]} b5 {[%emt 0:05:39]} 20. e3 {[%emt 0:02:30]} b4 {[%emt 0:00:35]} 21. exd4 {[%emt 0:01:30]} bxc3 {[%emt 0:00:18]} 22. Bxc3 {[%emt 0:04:22]} exd4 {[%emt 0:01:02]} 23. Ba5 {[%emt 0:00:13]} Rbe8 {[%emt 0:03:35]} 24. Bc7 {[%emt 0:03:21]} Rf6 {[%emt 0:00:27]} 25. Rfe1 {[%emt 0:01:00]} Rc8 {[%emt 0:00:48]} 26. Bb6 {[%emt 0:08:05]} f4 {[%emt 0:02:56]} 27. Be4 {[%emt 0:06:26]} d5 {[%emt 0:01:09]} 28. Bxc5 {[%emt 0:01:45]} fxg3 {[%emt 0:02:13]} 29. Bxd4 {[%emt 0:03:50]} gxf2+ {[%emt 0:00:25]} 30. Bxf2 {[%emt 0:00:04]} dxe4 {[%emt 0:00:21]} 31. Rxe4 {[%emt 0:02:32]} Bf5 {[%emt 0:01:59]} 32. Re3 {[%emt 0:00:35]} Rd6 {[%emt 0:00:20]} 33. Rbe1 {[%emt 0:00:20]} Bxb2 {[%emt 0:01:21]} 34. Re8+ {[%emt 0:00:56]} Rxe8 {[%emt 0:00:14]} 35. Rxe8+ {[%emt 0:00:03]} Kg7 {[%emt 0:00:13]} 36. Rb8 {[%emt 0:01:14]} Bd4 {[%emt 0:02:15]} 37. Rb7+ {[%emt 0:00:26]} Kh6 {[%emt 0:00:16]} 38. c5 {[%emt 0:00:38]} Bxf2+ {[%emt 0:00:36]} 39. Kxf2 {[%emt 0:00:02]} Rxd3 {[%emt 0:00:09]} 40. a4 {[%emt 0:00:00]} Ra3 {[%emt 0:00:00]} 41. Rb4 {[%emt 0:00:48]} Bd7 {[%emt 0:03:17]} 42. Rb7 {[%emt 0:03:29]} Bxa4 {[%emt 0:04:15]} 43. Ra7 {[%emt 0:00:09]} Ra2+ {[%emt 0:00:18]} 44. Kg3 {[%emt 0:00:07]} Bb3 {[%emt 0:00:18]} 45. Rb7 {[%emt 0:00:08]} Bd5 {[%emt 0:00:20]} 46. Rd7 {[%emt 0:00:31]} Be6 {[%emt 0:02:43]} 47. Rd6 {[%emt 0:00:54]} Bf5 {[%emt 0:00:08]} 48. Rd4 {[%emt 0:04:09]} Rc2 {[%emt 0:00:51]} 49. Rd5 {[%emt 0:00:07]} Rc4 {[%emt 0:02:34]} 50. Re5 {[%emt 0:02:27]} Kg5 {[%emt 0:00:57]} 51. Re7 {[%emt 0:00:42]} h5 {[%emt 0:00:40]} 52. Rc7 {[%emt 0:00:24]} Rc3+ {[%emt 0:00:30]} 53. Kf2 {[%emt 0:00:08]} Kf4 {[%emt 0:00:53]} 54. c6 {[%emt 0:01:08]} Rc2+ {[%emt 0:00:26]} 55. Ke1 {[%emt 0:01:15]} Rxh2 {[%emt 0:00:49]} 56. Rf7 {[%emt 0:00:10]} Rc2 {[%emt 0:00:49]} 57. c7 {[%emt 0:00:10]} Ke5 {[%emt 0:00:57]} 58. Kd1 {[%emt 0:00:40]} Rc6 {[%emt 0:00:38]} 0-1

[Event "71st MNE-ch 2019"]
[Site "Podgorica"]
[Date "2019.05.22"]
[Round "5"]
[White "Ljeskovic, Luka"]
[Black "Miletic, Vuk"]
[Result "0-1"]
[WhiteElo "1710"]
[BlackElo "1954"]
[Annotator "NA RC"]
[PlyCount "78"]
[EventDate "2019.05.18"]
[EventType "swiss"]
[EventCountry "MNE"]
[SourceTitle "playchess.com"]
[Source "ChessBase"]
[SourceQuality "1"]
[TimeControl "40/5400+30:1800+30"]

1. e4 c5 2. Nf3 d6 3. d4 cxd4 4. Nxd4 Nc6 5. Be3 Nf6 6. Nc3 g6 7. f3 Bg7 8. Qd2 O-O 9. h4 h5 10. O-O-O Bd7 11. Be2 Rc8 12. Rdg1 Ne5 {[%emt 0:28:57]} 13. Bh6 {[%emt 0:24:55]} Qb6 {[%emt 0:15:21]} 14. Bxg7 {[%emt 0:00:28]} Kxg7 {[%emt 0:00:49]} 15. Nd5 {[%emt 0:10:38]} Nxd5 {[%emt 0:00:32]} 16. exd5 {[%emt 0:03:05]} Qc5 {[%emt 0:07:02]} 17. g4 {[%emt 0:01:59]} hxg4 {[%emt 0:07:36]} 18. h5 {[%emt 0:01:18]} Rh8 {[%emt 0:09:05]} 19. h6+ {[%emt 0:02:12]} Kh7 {[%emt 0:00:20]} 20. f4 {[%emt 0:02:15]} Nc4 {[%emt 0:07:04]} 21. Qc3 {[%emt 0:03:41]} Nb6 {[%emt 0:02:22]} 22. Ne6 {[%emt 0:02:53]} Qxc3 {[%emt 0:00:19]} 23. Ng5+ Kg8 {[%emt 0:00:04]} 24. bxc3 {[%emt 0:00:22]} f6 {[%emt 0:04:31]} 25. Ne6 {[%emt 0:02:29]} Bxe6 {[%emt 0:01:32]} 26. dxe6 {[%emt 0:00:04]} f5 {[%emt 0:00:37]} 27. Bb5 {[%emt 0:02:04]} Kh7 {[%emt 0:01:24]} 28. Kd2 {[%emt 0:02:16]} Rc5 {[%emt 0:00:48]} 29. Rb1 {[%emt 0:00:16]} Nd5 {[%emt 0:02:35]} 30. Bd7 {[%emt 0:02:08]} b6 {[%emt 0:00:21]} 31. Rb3 {[%emt 0:01:10]} Rb8 {[%emt 0:02:19]} 32. Ra3 {[%emt 0:01:34]} a5 {[%emt 0:00:25]} 33. Rb3 {[%emt 0:00:32]} Nxf4 {[%emt 0:02:16]} 34. Ke3 {[%emt 0:00:06]} Nh5 {[%emt 0:01:33]} 35. Rhb1 {[%emt 0:00:12]} Kxh6 {[%emt 0:02:34]} 36. Rxb6 {[%emt 0:00:05]} Rxb6 {[%emt 0:00:35]} 37. Rxb6 {[%emt 0:00:06]} Rxc3+ {[%emt 0:01:23]} 38. Kd4 {[%emt 0:00:04]} Rxc2 {[%emt 0:00:45]} 39. Rb7 {[%emt 0:00:05]} g3 {[%emt 0:01:18]} 0-1

[Event "71st MNE-ch 2019"]
[Site "Podgorica"]
[Date "2019.05.22"]
[Round "5"]
[White "Sabotic, Denis"]
[Black "Petrovic, Slavko"]
[Result "1/2-1/2"]
[WhiteElo "1682"]
[BlackElo "1945"]
[Annotator "NA RC"]
[PlyCount "20"]
[EventDate "2019.05.18"]
[EventType "swiss"]
[EventCountry "MNE"]
[SourceTitle "playchess.com"]
[Source "ChessBase"]
[SourceQuality "1"]
[TimeControl "40/5400+30:1800+30"]

1. e4 e5 2. Nf3 Nc6 3. Bb5 d6 4. d4 exd4 5. Nxd4 Qd7 6. O-O Nf6 7. Re1 a6 8. e5 dxe5 9. Bxc6 bxc6 10. Rxe5+ Be7 1/2-1/2

[Event "71st MNE-ch 2019"]
[Site "Podgorica"]
[Date "2019.05.23"]
[Round "6.1"]
[White "Drasko, Milan"]
[Black "Djukic, Nikola"]
[Result "1/2-1/2"]
[WhiteElo "2418"]
[BlackElo "2552"]
[Annotator "TA"]
[PlyCount "59"]
[EventDate "2019.05.18"]
[EventType "swiss"]
[EventCountry "MNE"]
[SourceTitle "playchess.com"]
[Source "ChessBase"]
[SourceQuality "1"]

{[%evp 26,59,0,-2,-7,-7,0,0,-6,-8,-6,-6,-6,-5,-5,-3,0,-10,0,-29,0,0,0,-6,0,-15,0,0,5,8,35,9,25,14,68,58]} 1. Nf3 c5 2. g3 Nc6 3. Bg2 e5 4. O-O g6 5. c4 Bg7 6. Nc3 Nge7 7. d3 d6 8. a3 O-O 9. Rb1 a5 10. Bd2 Rb8 11. Ne1 Be6 12. Nc2 d5 13. cxd5 Nxd5 14. Ne4 b6 {A37: Symmetrical English vs ...g6: 4 Bg2 Bg7 5 Nf3} 15. b4 cxb4 16. axb4 axb4 {The position is equal.} 17. Nxb4 Ndxb4 18. Bxb4 Nxb4 19. Rxb4 f5 20. Nc3 $1 e4 21. Nb5 Qe7 (21... exd3 22. exd3 {½-½ (31) Yu,Y (2764)-Jakovenko,D (2735) China 2018}) 22. Qb1 exd3 (22... Ra8 $5 {[%cal Ra8a1]} 23. Nd4 {[#]} Ra1 $1 $15 {[%mdl 512]}) 23. exd3 Rfd8 24. Ra4 $146 ({Predecessor:} 24. Re1 Qf7 25. Ra4 Rd7 {½-½ (25) Navarovszky,L (2400)-Schmidt,W Polanica Zdroj 1976}) 24... Qf6 25. Re1 Bf7 26. d4 Re8 27. Rd1 f4 28. d5 fxg3 29. hxg3 g5 ({Black should play} 29... Re2 $11 30. Rf4 Qb2) 30. Be4 {Accuracy: White = 59%, Black = 36%.} ({But not} 30. Ra7 Re2 $11) 1/2-1/2

[Event "71st MNE-ch 2019"]
[Site "Podgorica"]
[Date "2019.05.23"]
[Round "6.2"]
[White "Blagojevic, Dragisa"]
[Black "Draskovic, Luka"]
[Result "1-0"]
[WhiteElo "2499"]
[BlackElo "2430"]
[Annotator "RC"]
[PlyCount "83"]
[EventDate "2019.05.18"]
[EventType "swiss"]
[EventCountry "MNE"]
[SourceTitle "playchess.com"]
[Source "ChessBase"]
[SourceQuality "1"]
[TimeControl "40/5400+30:1800+30"]

1. d4 {[%emt 0:00:00]} Nf6 {[%emt 0:00:00]} 2. c4 {[%emt 0:00:00]} g6 {[%emt 0:00:00]} 3. Nf3 {[%emt 0:00:00]} Bg7 {[%emt 0:00:00]} 4. g3 {[%emt 0:00:00]} O-O {[%emt 0:00:00]} 5. Bg2 {[%emt 0:00:03]} d6 {[%emt 0:00:00]} 6. O-O {[%emt 0:00:14]} Nc6 {[%emt 0:00:03]} 7. Nc3 {[%emt 0:00:17]} e5 {[%emt 0:00:30]} 8. dxe5 {[%emt 0:00:37]} dxe5 {[%emt 0:00:43]} 9. Bg5 {[%emt 0:00:38]} Be6 {[%emt 0:00:13]} 10. Qc1 {[%emt 0:01:28]} Qc8 {[%emt 0:01:08]} 11. Rd1 {[%emt 0:01:01]} Re8 {[%emt 0:01:33]} 12. Ne1 {[%emt 0:08:06]} Nd7 {[%emt 0:05:48]} 13. Bxc6 {[%emt 0:04:17]} bxc6 {[%emt 0:00:05]} 14. b3 {[%emt 0:00:29]} f5 {[%emt 0:12:42]} 15. Bh6 {[%emt 0:03:13]} Bf6 {[%emt 0:09:19]} 16. e4 {[%emt 0:10:17]} f4 {[%emt 0:04:44]} 17. gxf4 {[%emt 0:07:19]} exf4 {[%emt 0:00:24]} 18. Bxf4 {[%emt 0:00:54]} Ne5 {[%emt 0:04:32]} 19. f3 {[%emt 0:07:30]} Bh3 {[%emt 0:07:41]} 20. Qe3 {[%emt 0:04:12]} Qe6 {[%emt 0:04:09]} 21. Rac1 {[%emt 0:05:39]} g5 {[%emt 0:05:08]} 22. Bg3 {[%emt 0:01:11]} Rf8 {[%emt 0:02:11]} 23. Kh1 {[%emt 0:04:01]} Bg7 {[%emt 0:16:21]} 24. Ne2 {[%emt 0:01:13]} Rf7 {[%emt 0:08:02]} 25. Ng1 {[%emt 0:01:56]} Raf8 {[%emt 0:01:16]} 26. Rc2 {[%emt 0:13:16]} g4 {[%emt 0:05:09]} 27. f4 {[%emt 0:01:12]} Ng6 {[%emt 0:01:35]} 28. Nd3 {[%emt 0:04:49]} h5 {[%emt 0:02:18]} 29. Re2 {[%emt 0:01:58]} Qe7 {[%emt 0:07:30]} 30. f5 {[%emt 0:02:02]} Nh4 {[%emt 0:00:07]} 31. Nxh3 {[%emt 0:01:47]} gxh3 {[%emt 0:00:02]} 32. Nf4 {[%emt 0:02:14]} Bh6 {[%emt 0:00:56]} 33. Bxh4 {[%emt 0:03:38]} Qxh4 {[%emt 0:00:08]} 34. Ng6 {[%emt 0:03:11]} Qg4 {[%emt 0:00:47]} 35. Qxh6 {[%emt 0:03:20]} Qf3+ {[%emt 0:00:27]} 36. Kg1 {[%emt 0:00:04]} Qg4+ {[%emt 0:00:36]} 37. Kh1 {[%emt 0:00:20]} Qf3+ {[%emt 0:00:14]} 38. Kg1 {[%emt 0:00:03]} Qg4+ {[%emt 0:00:04]} 39. Kf1 {[%emt 0:01:41]} Qf3+ {[%emt 0:02:32]} 40. Ke1 {[%emt 0:00:00]} Qh1+ {[%emt 0:00:00]} 41. Kd2 {[%emt 0:03:36]} Rd8+ {[%emt 0:03:25]} 42. Ke3 {[%emt 0:05:52]} 1-0

[Event "71st MNE-ch 2019"]
[Site "Podgorica"]
[Date "2019.05.23"]
[Round "6.3"]
[White "Sukovic, Andrej"]
[Black "Kalezic, Blazo"]
[Result "0-1"]
[WhiteElo "2221"]
[BlackElo "2450"]
[Annotator "RC"]
[PlyCount "100"]
[EventDate "2019.05.18"]
[EventType "swiss"]
[EventCountry "MNE"]
[SourceTitle "playchess.com"]
[Source "ChessBase"]
[SourceQuality "1"]
[TimeControl "40/5400+30:1800+30"]

1. e4 c6 {[%emt 0:09:02]} 2. Nc3 {[%emt 0:02:13]} d5 {[%emt 0:00:15]} 3. d4 {[%emt 0:00:27]} dxe4 {[%emt 0:00:12]} 4. Nxe4 {[%emt 0:00:09]} Nf6 {[%emt 0:00:07]} 5. Nxf6+ {[%emt 0:00:06]} exf6 {[%emt 0:00:11]} 6. c3 {[%emt 0:00:08]} Bd6 {[%emt 0:00:14]} 7. Bd3 {[%emt 0:00:05]} O-O {[%emt 0:00:11]} 8. Qc2 {[%emt 0:00:04]} Re8+ {[%emt 0:00:30]} 9. Be3 {[%emt 0:00:09]} h5 {[%emt 0:04:15]} 10. O-O-O {[%emt 0:01:10]} Be6 {[%emt 0:02:12]} 11. c4 {[%emt 0:08:37]} Na6 {[%emt 0:02:23]} 12. a3 {[%emt 0:00:24]} b5 {[%emt 0:02:20]} 13. c5 {[%emt 0:01:42]} Bf8 {[%emt 0:00:45]} 14. Ne2 {[%emt 0:02:50]} Nc7 {[%emt 0:06:50]} 15. Nf4 {[%emt 0:11:02]} Nd5 {[%emt 0:02:21]} 16. Nxe6 {[%emt 0:29:43]} Rxe6 {[%emt 0:00:13]} 17. Bh7+ {[%emt 0:00:05]} Kh8 {[%emt 0:00:12]} 18. Qf5 {[%emt 0:00:06]} Rxe3 {[%emt 0:10:12]} 19. fxe3 {[%emt 0:00:19]} g6 {[%emt 0:00:15]} 20. Bxg6 {[%emt 0:00:24]} fxg6 {[%emt 0:00:07]} 21. Qxg6 {[%emt 0:00:07]} Qe8 {[%emt 0:00:07]} 22. Qd3 {[%emt 0:09:18]} Qxe3+ {[%emt 0:02:54]} 23. Qxe3 {[%emt 0:02:45]} Nxe3 {[%emt 0:00:08]} 24. Rd3 {[%emt 0:00:02]} Bh6 {[%emt 0:08:15]} 25. Kb1 {[%emt 0:00:05]} Nxg2 {[%emt 0:04:25]} 26. Rf1 {[%emt 0:06:02]} Bg5 {[%emt 0:01:45]} 27. Rf5 {[%emt 0:04:59]} Nh4 {[%emt 0:02:35]} 28. Rf2 {[%emt 0:01:32]} Ng6 {[%emt 0:00:13]} 29. Rb3 {[%emt 0:01:00]} Rd8 {[%emt 0:00:52]} 30. a4 {[%emt 0:00:38]} a6 {[%emt 0:00:42]} 31. axb5 {[%emt 0:00:05]} axb5 {[%emt 0:00:05]} 32. Rd3 {[%emt 0:04:46]} Kg7 {[%emt 0:07:02]} 33. Ka2 {[%emt 0:08:47]} h4 {[%emt 0:04:41]} 34. Kb3 {[%emt 0:01:40]} Nf4 {[%emt 0:01:01]} 35. Rd1 {[%emt 0:00:43]} Kf7 {[%emt 0:02:02]} 36. Kb4 {[%emt 0:00:38]} Nd5+ {[%emt 0:00:16]} 37. Kb3 {[%emt 0:00:04]} Re8 {[%emt 0:00:08]} 38. Rf3 {[%emt 0:01:14]} Re2 {[%emt 0:01:34]} 39. h3 {[%emt 0:00:45]} Be3 {[%emt 0:01:29]} 40. Rf5 {[%emt 0:00:00]} Ke6 {[%emt 0:00:00]} 41. Rh5 {[%emt 0:02:09]} Bg5 {[%emt 0:06:25]} 42. Rh8 {[%emt 0:00:29]} Re3+ {[%emt 0:00:32]} 43. Ka2 {[%emt 0:00:07]} Rxh3 {[%emt 0:00:38]} 44. Rd8 {[%emt 0:00:08]} Bf4 {[%emt 0:02:07]} 45. Re1+ {[%emt 0:00:13]} Re3 {[%emt 0:01:29]} 46. Rxe3+ {[%emt 0:00:08]} Nxe3 {[%emt 0:01:14]} 47. Rh8 {[%emt 0:00:30]} Nf5 {[%emt 0:02:20]} 48. Rh5 {[%emt 0:00:35]} Bg5 {[%emt 0:02:12]} 49. Rh8 {[%emt 0:00:22]} Nxd4 {[%emt 0:00:28]} 50. Rd8 {[%emt 0:00:31]} Ke5 {[%emt 0:00:33]} 0-1

[Event "71st MNE-ch 2019"]
[Site "Podgorica"]
[Date "2019.05.23"]
[Round "6.4"]
[White "Tomic, Aleksandar"]
[Black "Pecurica, Milos"]
[Result "1/2-1/2"]
[WhiteElo "2357"]
[BlackElo "2365"]
[Annotator "TA"]
[PlyCount "43"]
[EventDate "2019.05.18"]
[EventType "swiss"]
[EventCountry "MNE"]
[SourceTitle "playchess.com"]
[Source "ChessBase"]
[SourceQuality "1"]

{[%evp 13,43,1,8,-6,-4,-19,-27,-27,-11,-15,-14,-51,-40,-40,39,48,46,0,0,0,0,0,0,0,0,0,0,0,0,0,0,0]} 1. d4 d5 (1... Nf6 2. c4 e6 3. Nf3 d5 {½-½ (7) Can,E (2586)-Lysyj,I (2635) Skopje 2019}) 2. c4 e6 3. Nc3 Nf6 4. Nf3 dxc4 5. Qa4+ c6 6. Qxc4 b5 7. Qd3 a6 8. a4 {[%cal Ra4b5] D43: Semi-Slav: 5 Bg5 h6} Bb7 9. Bg5 Nbd7 10. e3 {Black has an edge.} Qa5 11. Bxf6 $146 ({Predecessor:} 11. Be2 c5 12. O-O c4 13. Qd1 b4 14. Nb1 Rc8 15. Bxf6 gxf6 {0-1 (37) Nemtzev,I-Skomorokhin,R (2480) Nizhnij Novgorod 1998}) 11... Nxf6 12. Nd2 c5 13. dxc5 Nd7 (13... Be7 $15) 14. Nb3 $14 Qb4 15. Qc2 {[%cal Ra4b5]} (15. Rd1 {is more complex.} Bd5 16. e4 Qxb3 17. exd5 Nxc5 18. Qf3) 15... Nxc5 {The position is equal.} 16. Nxc5 Bxc5 17. axb5 axb5 18. Rxa8+ Bxa8 19. Bxb5+ Ke7 $1 20. O-O Bxg2 $1 21. Kxg2 {[#] Rd1 is the strong threat.} Qg4+ 22. Kh1 {Accuracy: White = 48%, Black = 67%.} 1/2-1/2

[Event "71st MNE-ch 2019"]
[Site "Podgorica"]
[Date "2019.05.23"]
[Round "6.5"]
[White "Kontic, Djordjije"]
[Black "Nikcevic, Nebojsa"]
[Result "1-0"]
[WhiteElo "2264"]
[BlackElo "2435"]
[Annotator "TA"]
[PlyCount "81"]
[EventDate "2019.05.18"]
[EventType "swiss"]
[EventCountry "MNE"]
[SourceTitle "playchess.com"]
[Source "ChessBase"]
[SourceQuality "1"]

{[%evp 9,81,24,38,14,32,27,42,48,41,8,25,25,26,19,18,17,19,20,18,22,25,20,25,24,34,27,55,59,41,16,31,21,47,0,7,0,0,0,31,-8,-8,-10,79,74,133,-98,-89,-96,-95,-246,-237,-264,-193,-206,12,-110,-31,-37,0,0,218,247,866,832,1352,1364,5147,878,878,878,878,874,791,770]} 1. e4 c5 2. Nc3 e6 3. Nf3 a6 4. d4 cxd4 5. Nxd4 Qc7 6. Qg4 {B43: Sicilian: Kan Variation: 5 Nc3} (6. g3 Bb4 7. Bd2 Nf6 8. Bg2 O-O 9. O-O Bc5 10. Nb3 Be7 11. f4 d6 12. g4 b5 13. g5 Nfd7 14. a3 Bb7 15. Be3 Nc6 16. Qh5 {1-0 (43) Guseinov,G (2664)-Caruana,F (2828) chess.com INT 2019}) 6... Nf6 7. Qg3 Qxg3 8. hxg3 {White is slightly better.} Bb4 9. Rh4 $146 ({Predecessor:} 9. Bd3 d6 10. Bd2 Nbd7 11. f3 Ne5 12. g4 O-O 13. Nb3 d5 14. exd5 Nxd3+ 15. cxd3 {½-½ (31) Milov,L (2455)-Van Wely,L (2661) Sanem 2017}) 9... d6 10. Bg5 Nbd7 11. O-O-O Bxc3 12. bxc3 h6 13. Be3 Ne5 14. f3 Ng6 15. Rh1 d5 16. exd5 $1 Nxd5 {[%mdl 64] Double Attack} 17. Bd2 O-O 18. c4 Nde7 19. g4 Bd7 20. Bb4 Ba4 21. Rh5 Rfd8 22. Ba5 Rdc8 23. Bb6 Nf8 24. g5 Nd7 $36 {[%mdl 2048] Black is more active.} 25. Ba5 e5 (25... Ne5 $11) 26. Bb4 $16 Ng6 (26... Re8 $142 27. Ne2 hxg5) 27. Nb5 $2 (27. Nf5 $16 {is necessary to keep the advantage.}) 27... axb5 $17 28. Rxd7 bxc4 29. Rxb7 $2 (29. Rd6 $17) 29... Nf4 $19 30. Rh2 hxg5 31. Bd6 {[#]} f6 $2 (31... Nd5 $1 $19 {aiming for ...Bxc2!} 32. g3 Bc6) 32. Bc7 (32. g3 $1 $11 Ne6 33. Bh3) 32... Bb5 ({Black should try} 32... Bc6 $17 33. Bxc4+ Bd5) 33. g3 $15 Ba6 34. gxf4 {Bh3! is the strong threat.} gxf4 $2 {[#]} (34... Bxb7 $2 {too greedy.} 35. Bxc4+ Kf8 36. Bd6+ Ke8 37. Be6 $18) (34... Kf7 $11 35. Rb6 Rxc7 36. fxe5 fxe5) 35. Bh3 $1 $18 {[%cal Rh3e6] Intending Be6+ and mate.} g5 $2 ({Stronger than} 35... Bxb7 36. Be6+ Kf8 37. Bd6+ Ke8 38. Rh8#) (35... Re8 36. Rb4 Bc8) 36. Bxc8 {White is clearly winning.} Rxc8 37. Ra7 Bb5 38. Bd6 {White threatens Rhh7 and mate.} Rd8 {[#]} 39. Be7 $1 {[%mdl 64] Double Attack} Rd7 40. Rxd7 Bxd7 41. Bxf6 {Accuracy: White = 37%, Black = 42%.} 1-0